| 000 | 00738nam a2200241Ia 4500 | ||
|---|---|---|---|
| 003 | OSt | ||
| 005 | 20221005102328.0 | ||
| 006 | a|||||r|||| 00| 0 | ||
| 007 | ta | ||
| 008 | 221004b |||||||| |||| 00| 0 eng d | ||
| 024 | _a73029 | ||
| 037 | _cTextual | ||
| 040 |
_aCRL _cCRL _beng |
||
| 041 |
_2eng _aeng |
||
| 082 | _aH697.1.A54jN33, P02 | ||
| 245 | 0 |
_aCenozoic mammals of land and sea _b Tributes to the career of Clayton E. Ray Ed by Robert J. Emry |
|
| 260 |
_aWashigton _bSmithsonian Institution Press _c2002 |
||
| 300 |
_a372p. _ccm. |
||
| 650 |
_a MINES AND MINERAL RESOURCES _920940 |
||
| 650 |
_aPALEONTOLOGY _9200036 |
||
| 942 |
_hH697.1.A54jN33, P02 _cTEXL _2cc |
||
| 999 |
_c1008250 _d1008250 |
||